000 00666nam a22002177a 4500
003 UA-OsUOA
001 79154
007 ta
008 20111103b un ||||| |||| 00| 0 ukr d
100 _aБелобыльский А.В.
090 _a82
_bБ43
942 _cSA
040 _aUA-OsUOA
_brus
_cUA-OsUOA
_dUA-OsUOA
245 _aПрелесть Серебряного века: мистические поиски поэтов conta мистическая сущность поэзии
300 _aС.134-139
955 _a0
041 _arus
080 _a82
773 0 _w79129
650 7 _a82 Література. Літературознавство
_2UDC
999 _c365474
_d365474